| 000 | 01002nam0a22002291 4500 | ||
|---|---|---|---|
| 001 | rc\901940 | ||
| 005 | 20041129094424.6 | ||
| 035 | _a(NLR Aleph) 006077444 | ||
| 090 |
_a5061266 _c5061266 |
||
| 100 | _a20041129d1984 u |0rusy50 ca | ||
| 101 | 0 | _arus | |
| 102 | _aRU | ||
| 105 | _aa ||||||||| | ||
| 200 | 1 |
_aЧелябинское танковое _eКрат. очерк об истории Челяб. высш. танкового команд. уч-ща им. 50-летия Великого Октября _f[Полк. Рейцелис А.З., полк. запаса Капитанов И.К., подполк. запаса, к. ист. н. Крошилов А.А.] _gПод общ. ред. ген.-лейт. Кожевникова Л.П. |
|
| 210 |
_aЧелябинск _cБ. и. _d1984 (вып. дан. 1985) |
||
| 215 |
_a181 с. _cил. _d23 |
||
| 700 | 1 |
_aРайцелис _bА. З. |
|
| 801 | 0 |
_aRU _bNLR _gpsbo |
|
| 801 | 1 |
_aRU _bELAR _2rusmarc |
|
| 852 |
_aNLR _j86-5/384 |
||
| 942 | _cBOOK | ||
| 980 | _aNB | ||